000 00434 a2200109 4500
001 ART_51699
005 20260410162015.0
008 260409a
245 1 0 _aApuntes sobre las principales modificaciones al Código Contencioso, Administrativo y Tributario de la Ciudad Autónoma de Buenos Aires
100 1 _aRoitman, Facundo J.
773 0 _tTemas de derecho administrativo
_g- Año 6, N° 2 (feb. 2021)
_wREV40468
999 _c32535
_d32535